Journal.

Bibliographic Details
New Title:Royal Insitute of Navigation, London. Jounal of navigation
Corporate Author: Institute of Navigation (Great Britain)
Format: Journal
Language:English
Published: London. [publisher not identified] ;
Subjects:
Online Availability: Check for online availability

MARC

Tag First Indicator Second Indicator Subfields
LEADER 00000cas a2200000 4500
001 in00000040423
005 20151007074409.0
008 770325d19481971enkqr2p 0uuua0enge
012 |a 3 
022 0 |a 0020-3009 
035 |a (OCoLC)02833550 
035 |9 AAF1457AM 
040 |a DLC  |c YUS  |d DLC  |d NSD  |d TXA  |d UtOrBLW 
042 |a lc  |a nsdp 
049 |a TXAE 
050 0 0 |a VK1  |b .I5545 
082 0 |a 527.05  |a 623.8905 
110 2 |a Institute of Navigation (Great Britain) 
210 0 |a J. Inst. Navig. 
222 0 |a Journal of the Institute of Navigation 
245 1 0 |a Journal. 
264 1 |a London.  |b [publisher not identified] ; 
300 |a 24 volumes :  |b illustrations, charts. ;  |c 25 cm.  |a quarterly. 
336 |a text  |b txt  |2 rdacontent 
337 |a unmediated  |b n  |2 rdamedia 
338 |a volume  |b nc  |2 rdacarrier 
362 0 |a v. 1-24; 1948-1971. 
650 0 |a Navigation  |v Periodicals. 
785 0 0 |a Royal Insitute of Navigation, London.  |t Jounal of navigation 
999 |a MARS 
999 f f |s 9e283294-2931-3fc2-9eb5-4c9d7f9e9589  |i 2ac77e14-2837-303e-8b7f-e52c439bf9ec  |t 0 
952 f f |a Texas A&M University  |b Rellis Campus  |c Joint Library Facility  |d Remote Storage  |e VK1 .I5545  |h Library of Congress classification  |i unspecified -- unspecified  |k v.14  |l 1961  |m 33620000924049  |p ric  |s JLF  |t 0 
952 f f |a Texas A&M University  |b Rellis Campus  |c Joint Library Facility  |d Remote Storage  |e VK1 .I5545  |h Library of Congress classification  |i unspecified -- unspecified  |k v.10  |l 1957  |m 33620001255161  |p ric  |s JLF  |t 0 
952 f f |a Texas A&M University  |b Rellis Campus  |c Joint Library Facility  |d Remote Storage  |e VK1 .I5545  |h Library of Congress classification  |i unspecified -- unspecified  |k v.9  |l 1956  |m 33620001255153  |p ric  |s JLF  |t 0 
952 f f |a Texas A&M University  |b Rellis Campus  |c Joint Library Facility  |d Remote Storage  |e VK1 .I5545  |h Library of Congress classification  |i unspecified -- unspecified  |k v.8  |l 1955  |m 33620000927802  |p ric  |s JLF  |t 0 
952 f f |a Texas A&M University  |b Rellis Campus  |c Joint Library Facility  |d Remote Storage  |e VK1 .I5545  |h Library of Congress classification  |i unmediated -- volume  |k v.5  |l 1952  |m A14829765543  |p ric  |s JLF  |t 0 
952 f f |a Texas A&M University  |b Rellis Campus  |c Joint Library Facility  |d Remote Storage  |e VK1 .I5545  |h Library of Congress classification  |i unspecified -- unspecified  |k v.23  |l 1970  |m 33620001255252  |p ric  |s JLF  |t 0 
952 f f |a Texas A&M University  |b Rellis Campus  |c Joint Library Facility  |d Remote Storage  |e VK1 .I5545  |h Library of Congress classification  |i unspecified -- unspecified  |k v.20  |l 1967  |m 33620001255245  |p ric  |s JLF  |t 0 
952 f f |a Texas A&M University  |b Rellis Campus  |c Joint Library Facility  |d Remote Storage  |e VK1 .I5545  |h Library of Congress classification  |i unspecified -- unspecified  |k v.17  |l 1964  |m 33620001255211  |p ric  |s JLF  |t 0 
952 f f |a Texas A&M University  |b Rellis Campus  |c Joint Library Facility  |d Remote Storage  |e VK1 .I5545  |h Library of Congress classification  |i unspecified -- unspecified  |k v.1  |l 1948  |m A14852375543  |p ric  |s JLF  |t 0 
952 f f |a Texas A&M University  |b Rellis Campus  |c Joint Library Facility  |d Remote Storage  |e VK1 .I5545  |h Library of Congress classification  |i unspecified -- unspecified  |k v.15  |l 1962  |m 33620000923744  |p ric  |s JLF  |t 0 
952 f f |a Texas A&M University  |b Rellis Campus  |c Joint Library Facility  |d Remote Storage  |e VK1 .I5545  |h Library of Congress classification  |i unspecified -- unspecified  |k v.12  |l 1959  |m 33620001255187  |p ric  |s JLF  |t 0 
952 f f |a Texas A&M University  |b Rellis Campus  |c Joint Library Facility  |d Remote Storage  |e VK1 .I5545  |h Library of Congress classification  |i unspecified -- unspecified  |k v.11  |l 1958  |m 33620001255179  |p ric  |s JLF  |t 0 
952 f f |a Texas A&M University  |b Rellis Campus  |c Joint Library Facility  |d Remote Storage  |e VK1 .I5545  |h Library of Congress classification  |i unspecified -- unspecified  |k v.2  |l 1949  |m 33620001255286  |p ric  |s JLF  |t 0 
952 f f |a Texas A&M University  |b Rellis Campus  |c Joint Library Facility  |d Remote Storage  |e VK1 .I5545  |h Library of Congress classification  |i unspecified -- unspecified  |k v.3  |l 1950  |m 33620000924023  |p ric  |s JLF  |t 0 
952 f f |a Texas A&M University  |b Rellis Campus  |c Joint Library Facility  |d Remote Storage  |e VK1 .I5545  |h Library of Congress classification  |i unmediated -- volume  |k v.24  |l 1971  |m A14820314646  |p ric  |s JLF  |t 0 
952 f f |a Texas A&M University  |b Rellis Campus  |c Joint Library Facility  |d Remote Storage  |e VK1 .I5545  |h Library of Congress classification  |i unspecified -- unspecified  |k v.6  |l 1953  |m 33620001255146  |n 1  |p ric  |s JLF  |t 0 
952 f f |a Texas A&M University  |b Rellis Campus  |c Joint Library Facility  |d Remote Storage  |e VK1 .I5545  |h Library of Congress classification  |i unmediated -- volume  |k v.13  |l 1960  |m A14820314793  |p ric  |s JLF  |t 0 
952 f f |a Texas A&M University  |b Rellis Campus  |c Joint Library Facility  |d Remote Storage  |e VK1 .I5545  |h Library of Congress classification  |i unspecified -- unspecified  |k v.16  |l 1963  |m 33620001255203  |p ric  |s JLF  |t 0 
952 f f |a Texas A&M University  |b Rellis Campus  |c Joint Library Facility  |d Remote Storage  |e VK1 .I5545  |h Library of Congress classification  |i unspecified -- unspecified  |k v.18  |l 1965  |m 33620001255229  |p ric  |s JLF  |t 0 
952 f f |a Texas A&M University  |b Rellis Campus  |c Joint Library Facility  |d Remote Storage  |e VK1 .I5545  |h Library of Congress classification  |i unspecified -- unspecified  |k v.4  |l 1951  |m 33620001255294  |p ric  |s JLF  |t 0 
952 f f |a Texas A&M University  |b Rellis Campus  |c Joint Library Facility  |d Remote Storage  |e VK1 .I5545  |h Library of Congress classification  |i unspecified -- unspecified  |k v.22  |l 1969  |m 33620001255260  |p ric  |s JLF  |t 0 
952 f f |a Texas A&M University  |b Rellis Campus  |c Joint Library Facility  |d Remote Storage  |e VK1 .I5545  |h Library of Congress classification  |i unspecified -- unspecified  |k v.21  |l 1968  |m 33620000923884  |p ric  |s JLF  |t 0 
952 f f |a Texas A&M University  |b Rellis Campus  |c Joint Library Facility  |d Remote Storage  |e VK1 .I5545  |h Library of Congress classification  |i unspecified -- unspecified  |k v.7  |l 1954  |m 33620000924031  |p ric  |s JLF  |t 0 
952 f f |a Texas A&M University  |b Rellis Campus  |c Joint Library Facility  |d Remote Storage  |e VK1 .I5545  |h Library of Congress classification  |i unspecified -- unspecified  |k Index:1-15  |l 1948-1963  |m 33620000923751  |p ric  |s JLF  |t 0 
952 f f |a Texas A&M University  |b Rellis Campus  |c Joint Library Facility  |d Remote Storage  |e VK1 .I5545  |h Library of Congress classification  |i unspecified -- unspecified  |k v.19  |l 1966  |m 33620001255237  |p ric  |s JLF  |t 0 
998 f f |a VK1 .I5545  |t 0  |l Remote Storage